000
00320nam a22001217a 4500
003
OSt
008
250107b |||||||| |||| 00| 0 eng d
041
_a
eng
100
_a
Ramachandran Nair
_9
6823
245
_a
Kaayikapravartham
260
_b
Directorate of Extension Education, Kerala Agricultural University
942
_c
BK
999
_c
18974
_d
18974